|
|
|
|
| LEADER |
01227nam a2200361 a 4500 |
| 001 |
c000136428 |
| 003 |
CARM |
| 005 |
20001009212033.0 |
| 008 |
760428s1975 enk b 000 0 eng |
| 010 |
|
|
|a 76359448 //r83
|
| 015 |
|
|
|a GB***
|
| 019 |
1 |
|
|a 192952
|z 40256005
|5 LACONCORD2021
|
| 020 |
|
|
|a 0631164405 :
|c L.5.50
|
| 020 |
|
|
|a 0631164405 :
|c 5.50
|
| 035 |
|
|
|a (OCoLC)2202821
|5 LACONCORD2021
|
| 040 |
|
|
|a LC
|b eng
|c LC
|d VDU
|
| 041 |
1 |
|
|a engfre
|
| 050 |
|
4 |
|a HM281
|b .B2313
|
| 050 |
0 |
0 |
|a HM281
|b .B2313
|
| 082 |
0 |
4 |
|a 301.6/333
|
| 100 |
1 |
|
|a Baechler, Jean.
|
| 240 |
1 |
0 |
|a Phenomenes revolutionaires.
|l English
|
| 245 |
1 |
0 |
|a Revolution /
|c Jean Baechler ; translated by Joan Vickers.
|
| 250 |
|
|
|a [2d ed.].
|
| 260 |
|
|
|a Oxford :
|b B. Blackwell,
|c c1975.
|
| 300 |
|
|
|a xxiv, 208 p. ;
|c 23 cm.
|
| 490 |
0 |
|
|a Key concepts in the social sciences
|
| 500 |
|
|
|a Translation of Les phenomenes revolutionnaires.
|
| 504 |
|
|
|a Bibliography: p. [207]-208.
|
| 650 |
|
0 |
|a Revolutions.
|
| 852 |
8 |
|
|b CARM
|h A2:AF10B0
|i B01773
|p 0077266
|f BK
|
| 999 |
f |
f |
|i a8d643f8-ed3b-5d17-9373-1c5e08bb8bcb
|s c5b95e71-dad0-5f83-affd-ff9824483083
|
| 952 |
f |
f |
|p Can circulate
|a CAVAL
|b CAVAL
|c CAVAL
|d CARM 1 Store
|e B01773
|f A2:AF10B0
|h Other scheme
|i book
|m 0077266
|